[Event "PRO League Group Stage"]
[Site "chess.com INT"]
[Date "2019.02.20"]
[Round "7"]
[White "Bloomer, Josh"]
[Black "Li, Yunshan"]
[Result "1/2-1/2"]
[BlackTitle "WFM"]
[WhiteElo "1950"]
[BlackElo "2246"]
[WhiteTeam "Saint Louis Arch Bishops"]
[BlackTeam "Chengdu Pandas"]
[WhiteFideId "2020416"]
[BlackFideId "8607664"]
[EventDate "2019.01.08"]

1. e4 c6 2. d4 d5 3. exd5 cxd5 4. Bd3 Nc6 5. c3 Qc7 6. h3 Nf6 7. Nf3 g6 8. O-O
Bg7 9. Re1 O-O 10. Qc2 a6 11. Bg5 b5 12. Nbd2 Qb6 13. a3 a5 14. Ne5 e6 15. Ndf3
Nd7 16. Qd2 Ndxe5 17. dxe5 Ba6 18. Qf4 b4 19. Bxa6 Rxa6 20. Bh6 bxc3 21. bxc3 f6
22. Bxg7 Kxg7 23. exf6+ Rxf6 24. Qg3 Ra7 25. Rab1 Qc5 26. Ng5 e5 27. c4 Qxc4 28.
Rec1 Qa6 29. a4 Rb7 30. Qg4 Rf5 31. Ne6+ Kg8 32. Qh4 Rxb1 33. Rxb1 Qa7 34. Rc1
Qe7 35. Qxe7 Nxe7 36. Rc7 Kf7 37. Nd8+ Ke8 38. Nb7 Rf4 39. Nxa5 Rxa4 40. Nb7
Ra1+ 41. Kh2 h5 42. Nc5 d4 43. Ne4 Nd5 44. Rc5 Ne7 45. Rxe5 Kd7 46. Rb5 d3 47.
Rb3 Rd1 48. Nc3 Rd2 49. Ne4 Rd1 50. Rxd3+ Rxd3 51. Nc5+ Kd6 52. Nxd3 Ke6 53. g3
Kf6 54. Kg2 Nf5 55. h4 Nd4 56. Nf4 Kf5 57. Nh3 Ne6 58. Ng1 Nd4 59. Nf3 Nc6 60.
Ng5 Nd4 61. Kf1 Nc6 62. Ke2 Ne5 63. Ke3 Ng4+ 64. Kf3 Ne5+ 65. Kg2 Ng4 66. Nh3
Ne5 67. Nf4 Ng4 68. f3 Ne5 69. Nh3 Nc4 70. Nf2 Ne3+ 71. Kh3 Nc4 72. g4+ Kf4 73.
Kg2 Ne3+ 74. Kh3 Kxf3 75. gxh5 gxh5 76. Nd3 Nf5 77. Ne5+ Ke4 78. Ng6 Nh6 79. Nf8
Kf5 80. Nd7 Nf7 81. Nc5 Ne5 82. Nb3 Ng6 83. Nd4+ Ke4 84. Ne6 Kf5 85. Ng5 Nf4+
86. Kg3 Ne2+ 87. Kh3 1/2-1/2

[Event "PRO League Group Stage"]
[Site "chess.com INT"]
[Date "2019.02.20"]
[Round "7"]
[White "Smirnov, Anton"]
[Black "Naroditsky, Daniel"]
[Result "0-1"]
[WhiteTitle "GM"]
[BlackTitle "GM"]
[WhiteElo "2569"]
[BlackElo "2616"]
[WhiteTeam "Australia Kangaroos"]
[BlackTeam "San Francisco Mechanics"]
[WhiteFideId "3208923"]
[BlackFideId "2026961"]
[EventDate "2019.01.08"]

1. e4 e5 2. Nf3 Nc6 3. Nc3 Nf6 4. d4 exd4 5. Nxd4 Bc5 6. Be3 Bb6 7. Nxc6 bxc6 8.
Qd2 O-O 9. Bd3 Bxe3 10. Qxe3 d5 11. Qg3 dxe4 12. Bc4 Qd4 13. Bb3 Ba6 14. Qe3 Qd6
15. Rd1 Qe5 16. f4 Qh5 17. h3 Rad8 18. Kf2 Qh4+ 19. g3 Qh5 20. Kg2 Bc8 21. g4
Qg6 22. Rhe1 Rxd1 23. Nxd1 h5 24. g5 Bf5 25. Nc3 Rd8 26. Qxa7 Bxh3+ 27. Kh2 Qf5
28. gxf6 Qxf4+ 29. Kxh3 Qg4+ 30. Kh2 Qh4+ 31. Kg2 Qxe1 32. Bxf7+ Kh7 33. Bxh5 e3
34. Qxc7 Rd2+ 35. Ne2 Rxe2+ 36. Bxe2 Qxe2+ 37. Kg3 Qf2+ 38. Kg4 Qg2+ 39. Qg3
Qe4+ 40. Kh3 Qh1+ 41. Qh2 Qf3+ 42. Kh4 gxf6 43. Qc7+ Kh6 44. Qe7 Qf4+ 45. Kh3
Qf3+ 46. Kh4 Qf2+ 47. Kg4 f5+ 48. Kh3 Qf3+ 49. Kh2 Qf2+ 50. Kh3 Qf1+ 51. Kh2
Qf4+ 52. Kh3 Qg4+ 53. Kh2 e2 54. Qf6+ Kh5 55. Qh8+ Kg6 56. Qg8+ Kf6 57. Qf8+ Ke6
58. Qe8+ Kd6 59. Qf8+ Ke5 60. Qc5+ Kf4 61. Qf2+ Ke4 62. a4 Qf3 63. Qe1 Qf1 64.
Qb4+ Ke5 65. Qe7+ Kf4 66. Qh4+ Ke3 67. Qg5+ f4 68. Qe5+ Kd2 69. Qc3+ Kd1 70.
Qd4+ Kc1 71. b4 e1=Q 72. Qa1+ Kxc2 73. Qa2+ Kd3 74. Qb3+ Qc3 0-1

[Event "PRO League Group Stage"]
[Site "chess.com INT"]
[Date "2019.02.20"]
[Round "7"]
[White "Bhat, Vinay"]
[Black "Shevchenko, Kirill"]
[Result "1-0"]
[WhiteTitle "GM"]
[BlackTitle "GM"]
[WhiteElo "2519"]
[BlackElo "2539"]
[WhiteTeam "San Francisco Mechanics"]
[BlackTeam "Australia Kangaroos"]
[WhiteFideId "2011352"]
[BlackFideId "14129574"]
[EventDate "2019.01.08"]

1. d4 Nf6 2. c4 g6 3. Nc3 d5 4. Bg5 Bg7 5. e3 c5 6. dxc5 Qa5 7. Bxf6 Bxf6 8. Rc1
Na6 9. cxd5 Nxc5 10. Bb5+ Kf8 11. Ne2 Ne4 12. Qa4 Qxa4 13. Bxa4 Bf5 14. Bc2 Nxc3
15. bxc3 Bd7 16. c4 Rc8 17. Bd3 Kg7 18. Kd2 Rc5 19. Nd4 Rhc8 20. Nb3 R5c7 21.
Rc2 b6 22. Rhc1 e6 23. f4 Be7 24. e4 Ba3 25. Rb1 Bb4+ 26. Ke2 exd5 27. exd5 Bd6
28. Kf3 h5 29. h3 b5 30. Rbc1 Ba3 31. c5 Bxc1 32. c6 Ba3 33. Bxb5 Bf5 34. Re2
Re7 35. Rd2 Bb4 36. Rd4 Bc3 37. Rc4 Bd3 38. Rxc3 Bxb5 39. Nd4 a6 40. d6 Ree8 41.
d7 Red8 42. dxc8=Q Rxc8 43. Nxb5 axb5 44. Ke4 Kf6 45. Kd5 b4 46. Rc4 1-0

[Event "PRO League Group Stage"]
[Site "chess.com INT"]
[Date "2019.02.20"]
[Round "7"]
[White "Ly, Moulthun"]
[Black "Zierk, Steven"]
[Result "0-1"]
[WhiteTitle "GM"]
[BlackTitle "GM"]
[WhiteElo "2486"]
[BlackElo "2510"]
[WhiteTeam "Australia Kangaroos"]
[BlackTeam "San Francisco Mechanics"]
[WhiteFideId "3204405"]
[BlackFideId "2034255"]
[EventDate "2019.01.08"]

1. d4 d5 2. c4 dxc4 3. Nf3 Nf6 4. e3 e6 5. Bxc4 c5 6. O-O a6 7. b3 b5 8. Be2
Nbd7 9. a4 b4 10. Bb2 Bb7 11. Nbd2 Be7 12. Nc4 O-O 13. Nfe5 Nxe5 14. Nxe5 Rc8
15. Bf3 Bd5 16. dxc5 Rxc5 17. Bd4 Rc8 18. Qe2 Qd6 19. Rac1 Bxb3 20. Nc6 Bxa4 21.
Nxe7+ Qxe7 22. Rxc8 Rxc8 23. Qxa6 Bd7 24. Qb7 e5 25. Bb2 Qc5 26. h3 Re8 27. Rc1
Qf8 28. Rc7 Qd6 29. Qa7 h6 30. Qc5 Qxc5 31. Rxc5 e4 32. Be2 Rc8 33. Rxc8+ Bxc8
34. Kf1 Nd7 35. Bd4 Nb8 36. Ke1 Nc6 37. Bc5 b3 38. Kd2 Be6 39. Kc3 f6 40. Bd6
Na7 41. Bc5 Nc6 42. Bd6 Na5 43. Bd1 b2 44. Bc2 Nc4 45. Bc5 f5 46. Bb1 Kf7 47.
Bd4 g5 48. Kc2 f4 49. Ba2 Nxe3+ 50. fxe3 Bxa2 51. Kxb2 f3 52. gxf3 exf3 53. e4
Be6 54. Kc3 Bxh3 55. Kd2 Kg6 56. Ke3 Bg2 57. Kf2 h5 58. Bb6 h4 59. Bd8 Kh5 60.
Be7 g4 0-1

[Event "PRO League Group Stage"]
[Site "chess.com INT"]
[Date "2019.02.20"]
[Round "7"]
[White "Hong, Andrew"]
[Black "Song, Raymond"]
[Result "1/2-1/2"]
[WhiteTitle "FM"]
[BlackTitle "FM"]
[WhiteElo "2390"]
[BlackElo "2329"]
[WhiteTeam "San Francisco Mechanics"]
[BlackTeam "Australia Kangaroos"]
[WhiteFideId "2099438"]
[BlackFideId "3203824"]
[EventDate "2019.01.08"]

1. e4 c5 2. Nf3 e6 3. d4 cxd4 4. Nxd4 Nc6 5. Nc3 Qc7 6. Be3 a6 7. Qf3 Ne5 8. Qg3
h5 9. f4 h4 10. Qh3 Nc4 11. Bxc4 Qxc4 12. O-O-O b5 13. e5 Bb7 14. Nb3 Qc7 15.
Rd3 b4 16. Na4 Be4 17. Rd2 Rc8 18. Kb1 Bxc2+ 19. Ka1 Bf5 20. Qf3 Qc6 21. Nb6
Qxf3 22. gxf3 Rc7 23. Rhd1 Be7 24. Rxd7 Rxd7 25. Rxd7 Bd8 26. Rb7 Ne7 27. Bc5
Rh6 28. Nc4 Rg6 29. Nd6+ Kf8 30. Rb8 Nc6 31. Nxf5+ Kg8 32. Ne7+ Nxe7 33. Rxd8+
Kh7 34. a3 Nd5 35. f5 Rg2 36. fxe6 fxe6 37. axb4 Rxh2 38. Nd4 h3 39. Nxe6 Rh1+
40. Ka2 h2 41. Ng5+ Kg6 42. Ne4 Ra1+ 43. Kxa1 h1=Q+ 44. Ka2 Qxf3 45. Rd6+ Kf5
46. Nd2 Qd3 47. e6 Qxd2 48. e7 Nxb4+ 49. Bxb4 Qxb4 50. Rd5+ Ke6 51. e8=Q+ Kxd5
52. Qf7+ Kc6 53. Qxg7 Qa4+ 54. Kb1 Qd1+ 55. Ka2 Qa4+ 56. Kb1 Qd1+ 57. Ka2 Qa4+
58. Kb1 Qd1+ 59. Ka2 Qa4+ 60. Kb1 Qd1+ 61. Ka2 Qa4+ 1/2-1/2

[Event "PRO League Group Stage"]
[Site "chess.com INT"]
[Date "2019.02.20"]
[Round "7"]
[White "Kannappan, Priyadharshan"]
[Black "Petrosian, Tigran L."]
[Result "0-1"]
[WhiteTitle "GM"]
[BlackTitle "GM"]
[WhiteElo "2553"]
[BlackElo "2598"]
[WhiteTeam "Delhi Dynamite"]
[BlackTeam "Seattle Sluggers"]
[WhiteFideId "5018293"]
[BlackFideId "13301616"]
[EventDate "2019.01.08"]

1. e4 g6 2. d4 Bg7 3. Nc3 a6 4. Be3 b5 5. Qd2 Bb7 6. f3 d6 7. h4 h6 8. a4 b4 9.
Nd1 a5 10. Bb5+ c6 11. Bd3 Nd7 12. Ne2 e5 13. h5 g5 14. c3 bxc3 15. bxc3 Ne7 16.
Rb1 Ba6 17. Nf2 O-O 18. Ng3 Bxd3 19. Qxd3 d5 20. O-O Qc7 21. Nf5 Nxf5 22. exf5
Rfe8 23. Ng4 e4 24. Qd2 Nf6 25. Nxf6+ Bxf6 26. f4 g4 27. Qe2 Kh7 28. Qxg4 Rg8
29. Qh3 Rg7 30. Kh2 Rag8 31. Rg1 Rg4 32. g3 Qd7 33. Rb2 Qc8 34. Rgb1 Qa6 35. Rd1
R8g7 36. Bf2 Qc4 37. Rc1 Qd3 38. Rcc2 Qd1 39. Rd2 Qf3 40. Be1 Qxc3 41. Rbc2 Qa1
42. Bf2 Qxa4 43. Ra2 Qb3 44. Rdb2 Qf3 45. Qg2 Rh4+ 46. Kg1 Qd1+ 47. Qf1 Rh1+ 0-1

[Event "PRO League Group Stage"]
[Site "chess.com INT"]
[Date "2019.02.20"]
[Round "7"]
[White "Margvelashvili, Giorgi"]
[Black "Grover, Sahaj"]
[Result "1/2-1/2"]
[WhiteTitle "GM"]
[BlackTitle "GM"]
[WhiteElo "2530"]
[BlackElo "2511"]
[WhiteTeam "Seattle Sluggers"]
[BlackTeam "Delhi Dynamite"]
[WhiteFideId "13602926"]
[BlackFideId "5021103"]
[EventDate "2019.01.08"]

1. d4 Nf6 2. c4 e6 3. Nf3 d5 4. Bg5 Bb4+ 5. Nc3 h6 6. Bxf6 Qxf6 7. Qa4+ Nc6 8.
e3 O-O 9. Be2 dxc4 10. O-O Bd7 11. Bxc4 Bxc3 12. bxc3 e5 13. Qc2 Bf5 14. Bd3
Bxd3 15. Qxd3 Rfe8 16. e4 Rad8 17. d5 Ne7 18. c4 Ng6 19. g3 Qd6 20. Qe3 b6 21.
a4 a5 22. Rfc1 Rb8 23. c5 bxc5 24. Rxc5 Rb3 25. Qxb3 Qxc5 26. Kg2 c6 27. Rd1
cxd5 28. Rxd5 Qc7 29. Qb5 Rb8 30. Qxa5 Qc4 31. Rd8+ Rxd8 32. Qxd8+ Kh7 33. Qd5
Qxa4 34. Nxe5 Nxe5 35. Qxe5 g6 36. Qd5 Kg7 37. e5 Qa6 38. Qe4 Qe6 39. g4 Qb3 40.
Qf4 Qd5+ 41. Kg3 Qb3+ 42. f3 Qb6 43. Kg2 Qb2+ 44. Kh3 Qe2 1/2-1/2

[Event "PRO League Group Stage"]
[Site "chess.com INT"]
[Date "2019.02.20"]
[Round "7"]
[White "Manu, David Suthandram R"]
[Black "Bashkansky, Naomi"]
[Result "1-0"]
[BlackTitle "WIM"]
[WhiteElo "2252"]
[BlackElo "1994"]
[WhiteTeam "Delhi Dynamite"]
[BlackTeam "Seattle Sluggers"]
[WhiteFideId "35019562"]
[BlackFideId "2072289"]
[EventDate "2019.01.08"]

1. e4 e5 2. Nf3 Nc6 3. Bc4 Bc5 4. O-O d6 5. h3 Qe7 6. c3 Bd7 7. d4 exd4 8. cxd4
Bb6 9. Nc3 O-O-O 10. Re1 Nf6 11. Bg5 h6 12. Nd5 Qf8 13. Bxf6 gxf6 14. Nxf6 Qg7
15. Nh5 Qg6 16. Nf4 Qf6 17. Nd5 Qg7 18. Nxb6+ axb6 19. Kh2 Rdg8 20. g3 h5 21.
Bf1 h4 22. g4 Kd8 23. Bg2 Bxg4 24. Rg1 Bxf3 25. Qxf3 Nxd4 26. Qd3 Qe5+ 27. Kh1
Rg7 28. f4 Qf6 29. e5 Qxf4 30. exd6 cxd6 31. Raf1 Qe5 32. Re1 Qc5 33. b4 Qxb4
34. Re4 Rg3 35. Qxd4 Qxd4 36. Rxd4 Kd7 37. Rgd1 Rhg8 38. Rxd6+ Kc7 39. Rd7+ Kc8
40. R7d2 Ra3 41. Rf1 Rg7 42. Rc1+ Kb8 43. Rd7 Ka7 44. Rxb7+ Ka6 45. Rb8 Rag3 46.
Rc2 Re3 47. Ra8+ Kb5 48. Rd8 Re1+ 49. Kh2 Rg3 50. Rd4 Rge3 51. Rxh4 Ka6 52. Rf4
Ka7 53. Rxf7+ Ka6 54. Rf3 R3e2 55. Rxe2 Rxe2 56. a3 Re6 57. h4 b5 58. h5 Ka5 59.
Rh3 Rh6 60. Be4 Ka4 61. Bg6 b4 62. axb4 Kxb4 63. Kg3 Kc5 64. Kf4 Kd6 65. Kg5 Rh8
66. Kf6 Rf8+ 67. Bf7 Rh8 68. Kg7 Rxh5 69. Rxh5 Ke7 70. Re5+ Kd6 71. Re1 1-0

[Event "PRO League Group Stage"]
[Site "chess.com INT"]
[Date "2019.02.20"]
[Round "7"]
[White "Le, Quang Liem"]
[Black "Adhiban, Baskaran"]
[Result "0-1"]
[WhiteTitle "GM"]
[BlackTitle "GM"]
[WhiteElo "2714"]
[BlackElo "2689"]
[WhiteTeam "Webster Windmills"]
[BlackTeam "Mumbai Movers"]
[WhiteFideId "12401137"]
[BlackFideId "5018471"]
[EventDate "2019.01.08"]

1. d4 d5 2. c4 e6 3. Nc3 c6 4. e3 Nd7 5. Bd3 f5 6. Nge2 Ngf6 7. O-O Bd6 8. cxd5
cxd5 9. f3 O-O 10. Bd2 a6 11. Rc1 b5 12. Nf4 Qe7 13. e4 dxe4 14. fxe4 fxe4 15.
Nxe4 Bb7 16. Ng5 Bxf4 17. Rxf4 h6 18. Nh3 e5 19. Qe1 Rfe8 20. dxe5 Nxe5 21. Bf1
Qd7 22. Rxf6 Ng4 23. Rf4 Rxe1 24. Bxe1 Rf8 25. Rxf8+ Kxf8 26. Nf2 Ne3 27. Rc3
Nxf1 28. Kxf1 Kg8 29. Rg3 b4 30. a3 a5 31. axb4 axb4 32. h3 Qd4 33. Rg4 Qe3 34.
Bxb4 h5 35. Rg6 Qc1+ 36. Be1 Qxb2 37. Re6 Qb3 38. Re7 Qd5 39. g4 Ba6+ 40. Kg1
Qf3 41. Ne4 Bb5 42. Ng3 hxg4 43. hxg4 Bc6 44. Re2 Qxg4 45. Rc2 Qf3 46. Rd2 Bd5
47. Rh2 Qe3+ 48. Bf2 Qc1+ 49. Nf1 Bc4 50. Kg2 Qxf1+ 51. Kf3 Bd5+ 52. Ke3 Qc4 53.
Rh4 Qc3+ 54. Ke2 Bf3+ 55. Kf1 Qd3+ 56. Kg1 Qd1+ 57. Kh2 Qh1+ 58. Kg3 Qg2+ 59.
Kf4 g5+ 0-1

[Event "PRO League Group Stage"]
[Site "chess.com INT"]
[Date "2019.02.20"]
[Round "7"]
[White "Ghosh, Diptayan"]
[Black "Robson, Ray"]
[Result "1-0"]
[WhiteTitle "GM"]
[BlackTitle "GM"]
[WhiteElo "2544"]
[BlackElo "2667"]
[WhiteTeam "Mumbai Movers"]
[BlackTeam "Webster Windmills"]
[WhiteFideId "5045207"]
[BlackFideId "2023970"]
[EventDate "2019.01.08"]

1. Nf3 d5 2. g3 g6 3. Bg2 Bg7 4. d4 Nf6 5. O-O O-O 6. c4 c6 7. Nbd2 a5 8. b3 Bf5
9. Nh4 Ne4 10. Nxf5 gxf5 11. e3 Nd7 12. a4 e6 13. Nf3 Re8 14. Bb2 Qb6 15. Rb1
Rac8 16. Ne1 Qa6 17. Rc1 dxc4 18. Rxc4 b5 19. Rc2 bxa4 20. bxa4 Red8 21. Qd3
Qxd3 22. Nxd3 Nb6 23. Bxe4 fxe4 24. Nc5 Bf8 25. Nxe4 Nxa4 26. Ba1 Be7 27. Ra2
Nb6 28. Rxa5 Ra8 29. Bc3 Nd5 30. Rfa1 Rxa5 31. Bxa5 Ra8 32. Bc3 Rb8 33. Rc1 f5
34. Nd2 Kf7 35. Nc4 Bf6 36. Bd2 Kg7 37. Na5 Rb2 38. Be1 e5 39. dxe5 Bxe5 40.
Nxc6 Bf6 41. Rd1 Nb6 42. Nd4 Kg6 43. Ne6 Nc4 44. Nf4+ Kf7 45. Rc1 Ne5 46. Bc3
Rb7 47. Bxe5 Bxe5 48. Rc5 Kf6 49. Rc6+ Kf7 50. Nd3 Bf6 51. Kg2 Rd7 52. Nf4 Be5
53. Kf3 Bf6 54. h3 Be5 55. g4 fxg4+ 56. hxg4 Bf6 57. Nh5 Be5 58. Ke4 Bc7 59. f4
Ba5 60. Ng3 Re7+ 61. Kf3 Rd7 62. Nf5 Bc7 63. g5 Kg8 64. Kg4 Kf7 65. e4 Ba5 66.
e5 Rd1 67. Rf6+ Ke8 68. Nd6+ Ke7 69. Kf5 Rf1 70. Rf7+ Kd8 71. Ke6 Bb4 72. Rd7# 1-0

[Event "PRO League Group Stage"]
[Site "chess.com INT"]
[Date "2019.02.20"]
[Round "7"]
[White "Boros, Denes"]
[Black "Karavade, Eesha"]
[Result "0-1"]
[WhiteTitle "GM"]
[BlackTitle "IM"]
[WhiteElo "2442"]
[BlackElo "2365"]
[WhiteTeam "Webster Windmills"]
[BlackTeam "Mumbai Movers"]
[WhiteFideId "722340"]
[BlackFideId "5012600"]
[EventDate "2019.01.08"]

1. g3 Nf6 2. Bg2 d5 3. c4 e6 4. Nf3 dxc4 5. O-O Nbd7 6. Qc2 a6 7. a4 Rb8 8. Qxc4
b5 9. Qc2 Bb7 10. d3 Be7 11. Nd4 Bxg2 12. Kxg2 Ne5 13. Nf3 Nxf3 14. Qc6+ Qd7 15.
Qxf3 bxa4 16. Nc3 a3 17. bxa3 O-O 18. a4 Rb3 19. Ne4 Nxe4 20. Qxe4 Rfb8 21. Bf4
R3b4 22. Qf3 Bd6 23. Rfc1 Bxf4 24. gxf4 Qd4 25. a5 Qf6 26. e4 g6 27. Ra2 Rb1 28.
Rac2 Qa1 29. Qe3 Rxc1 30. Qxc1 Rb1 31. Qd2 Rh1 32. Rxc7 Qg1+ 33. Kf3 Rxh2 34.
Ke3 e5 35. Qb2 Rh3+ 36. Ke2 Qg4+ 37. Kd2 Qxf4+ 38. Kc3 Qxe4 39. Qb8+ Kg7 40. Qd8
Qe1+ 41. Kb3 Qb1+ 42. Kc3 Qe1+ 43. Kb3 Qxf2 44. Rc8 Kh6 45. Qf8+ Kg5 46. Qd8+ f6
47. Rc2 Qf3 48. Rc3 Qd1+ 49. Kc4 Rh4+ 50. Kc5 Qa4 51. Rc4 Qb5+ 52. Kd6 Rxc4 53.
dxc4 Qxc4 54. Qb6 Qd4+ 55. Kc6 Qc4+ 56. Kb7 h5 57. Qe3+ Kf5 58. Qh3+ Qg4 59.
Qf1+ Kg5 60. Qxa6 Qf3+ 61. Qc6 Qxc6+ 62. Kxc6 h4 63. a6 h3 64. a7 h2 65. a8=Q 0-1

[Event "PRO League Group Stage"]
[Site "chess.com INT"]
[Date "2019.02.20"]
[Round "7"]
[White "Kulkarni, Rakesh"]
[Black "Polgar-Shutzman, Tom"]
[Result "1-0"]
[WhiteTitle "IM"]
[WhiteElo "2298"]
[BlackElo "2181"]
[WhiteTeam "Mumbai Movers"]
[BlackTeam "Webster Windmills"]
[WhiteFideId "5037077"]
[BlackFideId "2064880"]
[EventDate "2019.01.08"]

1. Nf3 Nf6 2. g3 g6 3. Bg2 Bg7 4. O-O O-O 5. b3 d5 6. Bb2 c5 7. d4 Ne4 8. Nbd2
Nc6 9. e3 Bg4 10. h3 Nxd2 11. Qxd2 Bf5 12. Rac1 Qd7 13. Kh2 Rac8 14. Rfd1 Rfd8
15. c4 cxd4 16. cxd5 dxe3 17. Qxe3 Bxb2 18. dxc6 Qc7 19. cxb7 Bxc1 20. bxc8=Q
Rxc8 21. Qd4 Bh6 22. Ne5 Bg7 23. f4 Bxe5 24. fxe5 Be6 25. Rd2 a5 26. h4 h5 27.
Be4 Qc5 28. Kg2 Qxd4 29. Rxd4 Rc5 30. Kf2 Rxe5 31. Bb1 Kg7 32. b4 axb4 33. Rxb4
Ra5 34. a4 Bd7 35. Bc2 e5 36. Ke3 Kf6 37. Kd2 Ke7 38. Kc3 f5 39. Rb7 Kd6 40. Kb4
Ra8 41. a5 e4 42. Rb6+ Kc7 43. Rxg6 Rb8+ 44. Kc3 Rb5 45. a6 Rc5+ 46. Kb2 Ra5 47.
Bd1 Bb5 48. Bxh5 Bxa6 49. Bd1 Kd7 50. h5 e3 51. h6 1-0

[Event "PRO League Group Stage"]
[Site "chess.com INT"]
[Date "2019.02.21"]
[Round "7"]
[White "Meshkovs, Nikita"]
[Black "Giri, Anish"]
[Result "0-1"]
[WhiteTitle "GM"]
[BlackTitle "GM"]
[WhiteElo "2557"]
[BlackElo "2783"]
[WhiteTeam "Estonia Horses"]
[BlackTeam "Montreal Chessbrahs"]
[WhiteFideId "11602740"]
[BlackFideId "24116068"]
[EventDate "2019.01.08"]

1. Nf3 c5 2. c4 Nc6 3. d4 cxd4 4. Nxd4 Nf6 5. Nc3 e6 6. g3 Qb6 7. Ndb5 Ne5 8.
Bf4 Nfg4 9. e3 a6 10. Qa4 Ra7 11. Be2 axb5 12. Qxb5 Qc6 13. Qxc6 dxc6 14. h3 Nd7
15. hxg4 e5 16. a3 exf4 17. gxf4 Nc5 18. O-O-O g6 19. e4 Bg7 20. e5 g5 21. b4
Ne6 22. Ne4 Nxf4 23. Bf3 Rxa3 24. Nd6+ Ke7 25. Be4 Ra1+ 26. Bb1 Bxg4 27. f3 Be6 0-1

[Event "PRO League Group Stage"]
[Site "chess.com INT"]
[Date "2019.02.21"]
[Round "7"]
[White "Hansen, Eric"]
[Black "Ehlvest, Jaan"]
[Result "0-1"]
[WhiteTitle "GM"]
[BlackTitle "GM"]
[WhiteElo "2615"]
[BlackElo "2521"]
[WhiteTeam "Montreal Chessbrahs"]
[BlackTeam "Estonia Horses"]
[WhiteFideId "2606771"]
[BlackFideId "4500016"]
[EventDate "2019.01.08"]

1. e4 e6 2. d4 d5 3. Nc3 Bb4 4. e5 b6 5. Qg4 Kf8 6. Bd2 Ne7 7. Nf3 c5 8. h4 Ba6
9. Bxa6 Nxa6 10. h5 h6 11. Qf4 Nb8 12. Ne2 Bxd2+ 13. Nxd2 cxd4 14. Nxd4 Qd7 15.
N2f3 Nbc6 16. O-O-O Nxd4 17. Nxd4 Nc6 18. g4 Nxd4 19. Qxd4 Rc8 20. f4 Qc6 21.
Qd2 Ke7 22. f5 Rc7 23. Kb1 Kd7 24. Rh3 Qa4 25. Qg2 Kc8 26. b3 Qf4 27. Qe2 Kb8
28. Rf1 Qb4 29. Kb2 Rhc8 30. Rc1 Rc3 31. Rxc3 Qxc3+ 32. Kb1 Rc4 33. Qf2 Qd4 34.
Qh2 Qf4 35. Qh4 Rc7 36. f6 Qxe5 37. fxg7 Qxg7 38. Rf1 Qc3 39. Rc1 Qe3 40. Qf6
Kb7 41. Rh1 Qe4 42. Rc1 Qe3 43. Rh1 d4 44. Qf1 Qe4 45. Rh2 Qxg4 46. Rd2 e5 47.
Qh1+ Kb8 48. Rg2 Qf5 49. Rg8+ Rc8 50. Rxc8+ Qxc8 51. Qf3 Qe6 52. c3 dxc3 53. Kc2
e4 54. Qf4+ Kb7 55. Qe3 f5 56. Qg3 e3 57. Qg2+ Kb8 58. Qh2+ Kc8 59. Qe2 f4 60.
Kxc3 Qe5+ 61. Kd3 Qd5+ 62. Kc3 Kc7 63. a4 Qd2+ 64. Qxd2 exd2 65. Kxd2 Kd6 66.
Ke2 Ke5 67. Kf3 a5 0-1

[Event "PRO League Group Stage"]
[Site "chess.com INT"]
[Date "2019.02.21"]
[Round "7"]
[White "Burg, Twan"]
[Black "Noritsyn, Nikolay"]
[Result "1/2-1/2"]
[WhiteTitle "GM"]
[BlackTitle "IM"]
[WhiteElo "2514"]
[BlackElo "2484"]
[WhiteTeam "Estonia Horses"]
[BlackTeam "Montreal Chessbrahs"]
[WhiteFideId "1010697"]
[BlackFideId "2604922"]
[EventDate "2019.01.08"]

1. e4 c5 2. Nf3 Nc6 3. d4 cxd4 4. Nxd4 g6 5. Nc3 Bg7 6. Be3 Nf6 7. Bc4 Qa5 8.
O-O O-O 9. Bb3 d6 10. h3 Bd7 11. Re1 Qh5 12. Qxh5 Nxh5 13. Rad1 Rfd8 14. Nde2
Nf6 15. g4 Ne5 16. Kg2 Bc6 17. f3 a6 18. g5 Nh5 19. Nd5 Kf8 20. c3 Nd7 21. Ng3
Nxg3 22. Kxg3 Nc5 23. Bc2 b5 24. h4 e6 25. Nf6 Ke7 26. e5 Nb7 27. Bb6 dxe5 28.
Rxd8 Rxd8 29. Bxd8+ Nxd8 30. Rxe5 Bxf6 31. gxf6+ Kxf6 32. Re1 Ke7 33. a4 f5 34.
axb5 axb5 35. f4 h6 36. Kf2 Kf6 37. b3 g5 38. hxg5+ hxg5 39. fxg5+ Kxg5 40. c4
bxc4 41. bxc4 Kf4 42. Rd1 Nf7 43. c5 Bd5 44. Ba4 Ne5 45. Rd4+ Kg5 46. Rd2 Kf6
47. Rc2 Nc6 48. Bxc6 Bxc6 49. Rd2 Bd5 50. Ke3 Ke5 51. Rd4 Kf6 52. Rb4 Ke5 53.
Rh4 Bc6 54. Rd4 Bd5 55. Rb4 Bc6 56. Rd4 Bd5 57. Rh4 Bc6 58. Rd4 Bd5 59. Rf4 Bc6
60. Rd4 Bd5 61. Rb4 Bc6 62. Rd4 1/2-1/2

[Event "PRO League Group Stage"]
[Site "chess.com INT"]
[Date "2019.02.21"]
[Round "7"]
[White "Tomb, Maroun"]
[Black "Chukavin, Kirill"]
[Result "0-1"]
[WhiteTitle "CM"]
[BlackTitle "FM"]
[WhiteElo "2180"]
[BlackElo "2307"]
[WhiteTeam "Montreal Chessbrahs"]
[BlackTeam "Estonia Horses"]
[WhiteFideId "5300398"]
[BlackFideId "4503023"]
[EventDate "2019.01.08"]

1. e4 c5 2. Ne2 e6 3. d4 cxd4 4. Nxd4 Nf6 5. Nc3 d6 6. g3 Be7 7. Bg2 O-O 8. O-O
Nc6 9. Nce2 Bd7 10. c4 Rc8 11. b3 Qc7 12. Bb2 a6 13. Rc1 Qb8 14. a4 Rfd8 15. Qd2
b5 16. axb5 Nxd4 17. Nxd4 axb5 18. cxb5 Bxb5 19. Rxc8 Rxc8 20. Rc1 Bd7 21. Rxc8+
Qxc8 22. Qc2 Qb8 23. h3 h6 24. Qc4 Kf8 25. Bc3 e5 26. Nf5 d5 27. Qa6 Nxe4 28.
Bxe4 dxe4 29. Nxe7 Kxe7 30. Qa3+ Ke8 31. Kh2 f6 32. Bb4 Kf7 33. Bc5 Be6 34. b4
Kg6 35. Qe3 Qb7 36. g4 Qd5 37. Kg3 Bd7 38. h4 Bb5 39. h5+ Kh7 40. Qe1 Qd3+ 41.
Be3 Qb3 42. Qc1 Qxb4 43. Qc5 Qb1 44. Kh2 Be2 45. Qc1 Qxc1 46. Bxc1 Bxg4 47. Kg3
Bxh5 48. Kh4 Bf3 49. Kg3 g5 50. Kh3 Kg6 51. Kg3 f5 52. Bb2 f4+ 53. Kh3 Kf5 54.
Kh2 e3 55. fxe3 fxe3 56. Kg3 Bd5 57. Bc1 Ke4 58. Kg2 Kd3+ 59. Kf1 h5 60. Bb2 Kd2
61. Kg1 e2 62. Kh2 Kd3 0-1

[Event "PRO League Group Stage"]
[Site "chess.com INT"]
[Date "2019.02.21"]
[Round "7"]
[White "Grigoriants, Sergey"]
[Black "Jobava, Baadur"]
[Result "1/2-1/2"]
[WhiteTitle "GM"]
[BlackTitle "GM"]
[WhiteElo "2541"]
[BlackElo "2629"]
[WhiteTeam "Moscow Wizards"]
[BlackTeam "Tbilisi Gentlemen"]
[WhiteFideId "4130804"]
[BlackFideId "13601520"]
[EventDate "2019.01.08"]

1. Nf3 d5 2. d4 c6 3. Bf4 Bf5 4. e3 e6 5. Be2 Bd6 6. Bg3 h6 7. c4 Nf6 8. Nc3 O-O
9. O-O Bxg3 10. hxg3 Nbd7 11. Rc1 Re8 12. b4 a6 13. a3 Ne4 14. Nxe4 Bxe4 15. Nd2
Bg6 16. Nb3 Rb8 17. Bd3 Bxd3 18. Qxd3 Qg5 19. Nd2 Rbd8 20. Rfd1 Qh5 21. a4 Nf6
22. cxd5 exd5 23. f3 Qg5 24. Nf1 h5 25. b5 cxb5 26. axb5 axb5 27. Rb1 h4 28.
gxh4 Qxh4 29. Rxb5 Re7 30. Rdb1 Rdd7 31. Qa3 Kh7 32. Qa2 1/2-1/2